Ortschaften des Kantons Bern - Statistiken

Allgemein
  • Dieses Quiz wurde 154 mal gespielt
    128 seit der letzten Aktualisierung
  • Das Durchschnittsergebnis liegt bei 138 aus 556
Antworten auf der Karte
Die Antworten werden auf der Karte rot bzw. grün angezeigt, abhängig davon wie oft sie richtig erraten wurden.
 
Antwortstatistiken
Einwohner Ortschaft % Korrekt
134'748 Bern
95%
6'000 Interlaken
87%
36'308 Thun
87%
55'952 Biel / Bienne
85%
7'121 Köniz
78%
510 Brienz
72%
9'332 Spiez
70%
11'184 Belp
65%
3'669 Grindelwald
63%
3'394 Adelboden
62%
16'637 Burgdorf
62%
4'441 Meiringen
62%
18'184 Ostermundigen
62%
2'965 Gstaad
60%
322 Hasliberg Reuti
60%
7'385 Langnau im Emmental
60%
782 Lauterbrunnen
60%
1'308 Kandersteg
58%
14'378 Lyss
58%
6'708 Worb
58%
2'298 Lenk im Simmental
57%
16'876 Steffisburg
57%
6'448 Frutigen
55%
15'509 Langenthal
55%
1'900 Saanen
55%
3'286 Brienzwiler
53%
842 Innertkirchen
53%
12'184 Münsingen
53%
2'510 Zweisimmen
53%
6'416 Muri bei Bern
52%
4'626 Aarberg
50%
1'138 Beatenberg
50%
2'394 Riggisberg
50%
879 Rüti bei Büren
50%
163 Rüti bei Lyssach
50%
380 Rüti bei Riggisberg
50%
783 Trub
50%
3'816 Boll
48%
4'458 Schwarzenburg
48%
2'695 Sumiswald
48%
1'717 Trubschachen
48%
247 Guttannen
47%
4'848 Huttwil
47%
3'713 Ins
47%
995 Schangnau
47%
1'509 Sigriswil
47%
5'738 Unterseen
47%
2'764 Wilderswil
47%
300 Hasliberg Goldern
45%
374 Hasliberg Hohfluh
45%
115 Hasliberg Wasserwendi
45%
700 Kandergrund
45%
7'180 Moutier
45%
2'446 Reichenbach im Kandertal
45%
9'911 Ittigen
43%
5'450 Kirchberg
43%
7'410 Nidau
43%
864 Twann
43%
837 Wengen
43%
12'590 Zollikofen
43%
3'762 Büren an der Aare
42%
488 Büren zum Hof
42%
1'672 Hasle bei Burgdorf
42%
6'395 Herzogenbuchsee
42%
4'558 Kehrsatz
42%
3'324 Laupen
42%
2'409 Oberhofen am Thunersee
42%
432 Oberried am Brienzersee
42%
592 Wiler bei Seedorf
42%
1'004 Wiler bei Utzenstorf
42%
1'728 Wohlen bei Bern
42%
1'721 Aeschi bei Spiez
40%
1'261 Boltigen
40%
4'414 Bremgarten bei Bern
40%
527 Gsteig bei Gstaad
40%
617 Habkern
40%
850 Lauenen bei Gstaad
40%
1'475 Lyssach
40%
4'195 Matten bei Interlaken
40%
514 Matten (St. Stephan)
40%
6'001 Uetendorf
40%
6'550 Urtenen-Schönbühl
40%
580 Allmendingen bei Bern
38%
2'332 Allmendingen bei Thun
38%
486 Diemtigen
38%
1'844 Eggiwil
38%
1'170 Erlenbach im Simmental
38%
401 Iseltwald
38%
3'421 Lützelflüh-Goldbach
38%
375 Niederried bei Interlaken
38%
299 Niederried bei Kallnach
38%
3'854 Oberburg
38%
912 Oberwil bei Büren
38%
778 Oberwil im Simmental
38%
1'789 Ringgenberg
38%
3'641 Stettlen
38%
8'114 Wabern
38%
2'546 Wangen an der Aare
38%
6'131 Bolligen
37%
516 Eriz
37%
1'390 Erlach
37%
3'555 Grosshöchstetten
37%
1'802 Hilterfingen
37%
5'111 Konolfingen
37%
1'222 Leissigen
37%
714 Rüeggisberg
37%
493 Rüegsau
37%
1'763 Signau
37%
1'618 Zäziwil
37%
1'182 Bowil
35%
4'529 Brügg
35%
3'884 Ipsach
35%
1'270 Mühleberg
35%
2'967 Oberdiessbach
35%
839 Oey
35%
1'889 Seedorf
35%
804 St. Stephan
35%
4'439 Wichtrach
35%
2'669 Wimmis
35%
143 Zweilütschinen
35%
4'752 Aarwangen
33%
2'655 Bönigen
33%
416 Därligen
33%
670 Guggisberg
33%
7'114 Gümligen
33%
6'362 Heimberg
33%
1'262 Linden
33%
9'147 Münchenbuchsee
33%
356 Mürren
33%
5'231 Niederbipp
33%
3'323 Orpund
33%
1'240 Rapperswil
33%
449 Röthenbach bei Herzogenbuchsee
33%
881 Röthenbach im Emmental
33%
335 Saanenmöser
33%
4'695 Saint-Imier
33%
569 Schattenhalb
33%
710 Schwarzenegg
33%
2'730 Toffen
33%
542 Hofstetten bei Brienz
32%
5'099 Jegenstorf
32%
1'182 Krattigen
32%
3'730 La Neuveville
32%
561 Ligerz
32%
2'349 Madiswil
32%
5'168 Pieterlen
32%
220 Ried (Frutigen)
32%
2'909 Rubigen
32%
657 Schwanden bei Brienz
32%
500 Schwanden im Emmental
32%
603 Schwanden (Sigriswil)
32%
3'518 Studen
32%
3'197 Wattenwil
32%
1'664 Wynigen
32%
847 Amsoldingen
30%
1'714 Arch
30%
2'655 Bätterkinden
30%
996 Kiesen
30%
1'476 Kirchlindach
30%
5'708 Lengnau
30%
8'755 Liebefeld
30%
1'899 Oberbipp
30%
265 Ramsei
30%
4'330 Roggwil
30%
325 Tüscherz-Alfermée
30%
29 Axalp
28%
125 Blausee-Mitholz
28%
1'110 Burgistein
28%
1'374 Court
28%
464 Därstetten
28%
4'041 Gwatt (Thun)
28%
740 Heiligenschwendi
28%
574 Lüscherz
28%
226 Lütschental
28%
611 Magglingen / Macolin
28%
4'088 Moosseedorf
28%
112 Oberösch
28%
3'675 Port
28%
556 Rüderswil
28%
1'056 Schönried
28%
3'738 Schüpfen
28%
2'177 Seftigen
28%
1'664 Täuffelen
28%
2'179 Uttigen
28%
622 Affoltern im Emmental
27%
1'046 Diessbach bei Büren
27%
1'569 Dotzigen
27%
1'256 Faulensee
27%
2'230 Fraubrunnen
27%
1'428 Frauenkappelen
27%
4'749 Hinterkappelen
27%
304 Jaberg
27%
1'661 Kallnach
27%
4'075 Niederwangen bei Bern
27%
906 Oberbottigen
27%
222 Romont
27%
91 Saxeten
27%
122 Trachselwald
27%
828 Unterlangenegg
27%
2'559 Worben
27%
973 Zimmerwald
27%
1'112 Bäriswil
25%
2'018 Biglen
25%
72 Brünig
25%
1'699 Ersigen
25%
233 Gadmen
25%
1'029 Gampelen
25%
1'306 Gerzensee
25%
1'876 Grossaffoltern
25%
984 Gunten
25%
2'676 Hindelbank
25%
490 Homberg bei Thun
25%
957 Kirchdorf
25%
1'353 Leuzigen
25%
1'624 Müntschemier
25%
4'625 Neuenegg
25%
1'055 Reutigen
25%
2'479 Thierachern
25%
736 Uebeschi
25%
4'548 Utzenstorf
25%
1'797 Wasen im Emmental
25%
1'930 Worblaufen
25%
2'770 Zollbrück
25%
2'391 Aegerten
23%
1'350 Bärau
23%
2'027 Busswil bei Büren
23%
169 Busswil bei Melchnau
23%
1'373 Courtelary
23%
886 Dürrenroth
23%
1'354 Eriswil
23%
862 Fahrni bei Thun
23%
1'097 Gasel
23%
590 Grünen
23%
1'151 Gümmenen
23%
203 Gündlischwand
23%
1'493 Heimenschwand
23%
983 Heimiswil
23%
444 Höfen bei Thun
23%
1'121 Kaufdorf
23%
1'497 Krauchthal
23%
2'705 Lotzwil
23%
1'360 Meikirch
23%
2'624 Niederscherli
23%
659 Oppligen
23%
1'090 Orvin
23%
2'462 Rüegsauschachen
23%
2'020 Safnern
23%
400 Seeberg
23%
3'174 Spiegel bei Bern
23%
193 Stechelberg
23%
1'401 Sutz-Lattrigen
23%
3'442 Tavannes
23%
2'382 Thörishaus
23%
4'184 Tramelan
23%
507 Tschugg
23%
1'917 Utzigen
23%
455 Weissenburg
23%
640 Wengi bei Büren
23%
305 Wengi bei Frutigen
23%
2'514 Wiedlisbach
23%
1'127 Aefligen
22%
868 Arni
22%
319 Belpberg
22%
1'303 Blumenstein
22%
337 Epsach
22%
1'205 Goldiwil (Thun)
22%
434 Gsteigwiler
22%
892 Gurzelen
22%
398 Helgisried-Rohrbach
22%
263 Höchstetten
22%
2'911 Hünibach
22%
664 Jens
22%
1'389 Kappelen
22%
2'270 Koppigen
22%
367 Landiswil
22%
483 Lätti
22%
544 Lauperswil
22%
1'443 Meinisberg
22%
589 Mirchel
22%
1'466 Mühlethurnen
22%
567 Niedermuhlern
22%
1'780 Niederönz
22%
870 Oberbalm
22%
310 Oberstocken
22%
1'428 Oberwangen bei Bern
22%
391 Radelfingen bei Aarberg
22%
1'322 Rüschegg Heubach
22%
321 Schafhausen im Emmental
22%
4'576 Schliern bei Köniz
22%
364 Süderen
22%
976 Thunstetten
22%
1'241 Walkringen
22%
1'708 Wynau
22%
1'077 Wyssachen
22%
422 Auswil
20%
1'657 Bellmund
20%
521 Brenzikofen
20%
86 Deisswil bei Münchenbuchsee
20%
2'079 Evilard / Leubringen
20%
239 Gurbrü
20%
426 Hagneck
20%
64 Horrenbach
20%
282 Kiental
20%
344 Le Fuet
20%
682 Mamishaus
20%
924 Merligen
20%
888 Mörigen
20%
564 Münchenwiler
20%
766 Nods
20%
1'043 Oberönz
20%
2'464 Reconvilier
20%
1'610 Rohrbach
20%
375 Rohrbachgraben
20%
540 Scheuren
20%
374 Walterswil
20%
316 Zwieselberg
20%
28 Abländschen
18%
1'093 Bargen
18%
371 Blankenburg
18%
112 Buchen
18%
933 Büetigen
18%
154 Burglauenen
18%
331 Dieterswil
18%
564 Finsterhennen
18%
814 Gals
18%
862 Goldswil bei Interlaken
18%
718 Gondiswil
18%
267 Häutligen
18%
627 Herbligen
18%
349 Kirchenthurnen
18%
586 Mattstetten
18%
955 Mittelhäusern
18%
709 Niederhünigen
18%
268 Niederstocken
18%
243 Pohlern
18%
3'586 Rüfenacht
18%
32 Schelten
18%
683 Schwadernau
18%
531 Schwarzhäusern
18%
626 Siselen
18%
1'882 Sonceboz-Sombeval
18%
215 Teuffenthal bei Thun
18%
1'535 Uettligen
18%
902 Vinelz
18%
611 Walliswil bei Niederbipp
18%
225 Walliswil bei Wangen
18%
545 Zuzwil
18%
408 Aeschiried
17%
1'628 Alchenflüh
17%
1'559 Attiswil
17%
665 Bannwil
17%
197 Corcelles
17%
1'780 Corgémont
17%
477 Cormoret
17%
424 Diesse
17%
517 Emmenmatt
17%
287 Fankhaus (Trub)
17%
205 Ferenbalm
17%
493 Feutersoey
17%
386 Forst bei Längenbühl
17%
448 Freimettigen
17%
454 Grund bei Gstaad
17%
812 Grünenmatt
17%
515 Heimenhausen
17%
445 Iffwil
17%
980 Lanzenhäusern
17%
118 Mont-Tramelan
17%
265 Mühledorf
17%
222 Niederösch
17%
281 Noflen
17%
292 Oberhünigen
17%
616 Oberthal
17%
192 Oeschseite
17%
34 Rebévelier
17%
824 Renan
17%
1'029 Rosshäusern
17%
239 Schwenden im Diemtigtal
17%
82 Seehof
17%
635 Suberg
17%
399 Tägertschi
17%
1'191 Thörigen
17%
807 Ursenbach
17%
229 Wachseldorn
17%
380 Wileroltigen
17%
545 Aeschau
15%
309 Aeschlen bei Oberdiessbach
15%
400 Aeschlen ob Gunten
15%
46 Berken
15%
471 Biembach im Emmental
15%
767 Bleienbach
15%
609 Brüttelen
15%
489 Bühl bei Aarberg
15%
622 Cortébert
15%
205 Diemerswil
15%
1'233 Einigen
15%
224 Farnern
15%
98 Gimmelwald
15%
1'009 Grafenried
15%
852 Heimisbach
15%
293 Hinterfultigen
15%
507 Horboden
15%
675 Inkwil
15%
543 Kernenried
15%
462 La Ferrière
15%
478 La Heutte
15%
565 Latterbach
15%
348 Loveresse
15%
330 Milken
15%
185 Mülenen
15%
247 Ochlenberg
15%
83 Rumendingen
15%
497 Rumisberg
15%
349 Rümligen
15%
458 Rüschegg Gambach
15%
770 Schlosswil
15%
995 Schüpbach
15%
316 Schwarzenbach (Huttwil)
15%
958 Sonvilier
15%
283 Sorvilier
15%
530 Trimstein
15%
1'039 Walperswil
15%
425 Achseten
13%
638 Alchenstorf
13%
260 Belprahon
13%
484 Bettenhausen
13%
589 Bigenthal
13%
938 Detligen
13%
149 Emdthal
13%
385 Eschert
13%
253 Frieswil
13%
328 Gelterfingen
13%
333 Graben
13%
384 Grandval
13%
395 Gysenstein
13%
1'883 Herrenschwanden
13%
432 Kriechenwil
13%
380 Längenbühl
13%
242 Lohnstorf
13%
57 Meienried
13%
1'542 Melchnau
13%
402 Merzligen
13%
255 Oeschenbach
13%
1'477 Péry
13%
177 Reisiswil
13%
196 Roches
13%
694 Rüegsbach
13%
574 Rütschelen
13%
559 Scharnachtal
13%
89 Sundlauenen
13%
441 Treiten
13%
230 Turbach
13%
284 Unterbach
13%
190 Vauffelin
13%
896 Villeret
13%
193 Willadingen
13%
377 Albligen
12%
567 Ammerzwil
12%
149 Bangerten bei Dieterswil
12%
152 Bellelay
12%
1'754 Bévilard
12%
390 Bleiken bei Oberdiessbach
12%
2'520 Bützberg
12%
218 Englisberg
12%
1'398 Gerolfingen
12%
476 Gohl
12%
734 Grasswil
12%
209 Hellsau
12%
318 Hermrigen
12%
503 Kaltacker
12%
559 Kleindietwil
12%
718 Lamboing
12%
183 Les Prés-d'Orvin
12%
381 Limpach
12%
2'015 Malleray
12%
274 Mont-Soleil
12%
281 Obergoldbach
12%
387 Oschwand
12%
472 Perrefitte
12%
1'039 Prêles
12%
538 Ranflüh
12%
399 Richigen
12%
508 Riedbach
12%
220 Riedstätt
12%
341 Riffenmatt
12%
568 Säriswil
12%
148 Saules
12%
68 Scheunen
12%
330 Schmidigen-Mühleweg
12%
443 Tschingel ob Gunten
12%
187 Wolfisberg
12%
277 Zauggenried
12%
329 Zielebach
12%
317 Biberen
10%
212 Bollodingen
10%
166 Champoz
10%
26 Châtelat
10%
533 Crémines
10%
356 Etzelkofen
10%
203 Frinvillier
10%
152 Gammen
10%
308 Golaten
10%
169 Gutenburg
10%
356 Häusernmoos im Emmental
10%
727 Hondrich
10%
604 Innerberg
10%
75 Isenfluh
10%
136 La Tanne
10%
331 Leimiswil
10%
40 Monible
10%
641 Münchringen
10%
256 Murzelen
10%
313 Oberbütschel
10%
413 Obersteckholz
10%
726 Ortschwaben
10%
432 Plagne
10%
265 Riedtwil
10%
113 Ringoldswil
10%
823 Rüdtligen
10%
144 Saicourt
10%
189 Sangernboden
10%
561 Schalunen
10%
230 Seewil
10%
230 Sornetan
10%
87 Souboz
10%
155 Untersteckholz
10%
541 Vielbringen bei Worb
10%
399 Wangenried
10%
527 Weier im Emmental
10%
101 Wiggiswil
10%
216 Zwischenflüh
10%
44 Ballmoos
8%
387 Enggistein
8%
39 Fornet-Dessous
8%
97 Hermiswil
8%
934 Hettiswil bei Hindelbank
8%
690 Kräiligen
8%
192 La Chaux d'Abel
8%
52 Les Ecorcheresses
8%
450 Les Reussilles
8%
488 Lobsigen
8%
81 Mont-Crosin
8%
233 Mülchi
8%
203 Pontenet
8%
302 Rizenbach
8%
385 Rüedisbach
8%
207 Ruppoldsried
8%
237 Schwendibach
8%
538 Wahlendorf
8%
237 Wanzwil
8%
146 La Cibourg
7%
52 Mötschwil
7%
332 Oberfrittenbach
7%
65 Rohrmoos
7%
180 Les Pontins
2%
44 Montagne-de-Sonvilier
2%
82 Montagne-de-Courtelary
0%
Keine übereinstimmenden Quizze gefunden
Verteilung der Resultate
Anzahl Personen mit jedem Resultat
Perzentil nach korrekt beantworteten Fragen
Ihre Resultats-Entwicklung
Sie haben dieses Quiz seit der letzten Aktualisierung nicht gespielt